| 000 -LEADER |
| fixed length control field |
01974 a2200241 4500 |
| 020 ## - INTERNATIONAL STANDARD BOOK NUMBER |
| International Standard Book Number |
0412847906 |
| 040 ## - CATALOGING SOURCE |
| Original cataloging agency |
DLC |
| 082 ## - DEWEY DECIMAL CLASSIFICATION NUMBER |
| Classification number |
621.3827 |
| 245 10 - TITLE STATEMENT |
| Title |
Optical networks :design and modelling, IFIP TC6 Second International Working Conference on Optical Network Design and Modelling (ONDM '98), February 9-11, 1998, Rome, Italy |
| Remainder of title |
design and modelling: IFIP TC6 Second International Working Conference on Optical Network Design and Modelling (ONDM '98), February 9-11, 1998, Rome, Italy |
| Statement of responsibility, etc. |
edited by Giancarlo de Marchis, Roberto Sabella. |
| 260 ## - PUBLICATION, DISTRIBUTION, ETC. |
| Place of publication, distribution, etc. |
Boston : |
| Name of publisher, distributor, etc. |
Kluwer Academic Publishers, |
| Date of publication, distribution, etc. |
c1999. |
| 300 ## - PHYSICAL DESCRIPTION |
| Extent |
186 p. : |
| Other physical details |
ill. |
| 490 1# - SERIES STATEMENT |
| Series statement |
International Federation for Information Processing ; |
| Volume/sequential designation |
19. |
| 520 1# - SUMMARY, ETC. |
| Summary, etc. |
"Optical network design and modelling is an essential issue for planning and operating networks for the next century. The main issues in optical networking are being widely investigated not only for WDM networks but also for optical TDM and optical packet switching. This book contributes to further progress in optical network architectures, design, operation and management."--BK JACKET. "This book contains the selected proceedings of the Second International Working Conference on Optical Network Design and Modelling, which was sponsored by the International Federation for Information Processing (IFIP) and held in February 1998 in Rome, Italy."--BK JACKET. "This new book will be essential reading for personnel in computer communication industries, and academic and research staff in computer science and electrical engineering."--BK JACKET. |
| 650 #0 - SUBJECT ADDED ENTRY--TOPICAL TERM |
| Topical term or geographic name entry element |
Optical communications |
| 650 #0 - SUBJECT ADDED ENTRY--TOPICAL TERM |
| Topical term or geographic name entry element |
Fiber optics |
| 650 #0 - SUBJECT ADDED ENTRY--TOPICAL TERM |
| Topical term or geographic name entry element |
Computer networks |
| 650 #0 - SUBJECT ADDED ENTRY--TOPICAL TERM |
| Topical term or geographic name entry element |
Optoelectronics |
| 700 1# - ADDED ENTRY--PERSONAL NAME |
| Personal name |
De Marchis, Giancarlo. |
| 700 1# - ADDED ENTRY--PERSONAL NAME |
| Personal name |
Sabella, Roberto. |
| 710 2# - ADDED ENTRY--CORPORATE NAME |
| Corporate name or jurisdiction name as entry element |
International Federation for Information Processing. |
| Subordinate unit |
Technical Committee 6. |
| 810 2# - SERIES ADDED ENTRY--CORPORATE NAME |
| Corporate name or jurisdiction name as entry element |
International Ffederation for Information Processing (Series) ; |
| 942 ## - ADDED ENTRY ELEMENTS (KOHA) |
| Koha item type |
Book |
| Call number prefix |
621.3827 MAR |
| Source of classification or shelving scheme |
|